Normale Ansicht MARC-Ansicht ISBD

25 Jahre Staatsvertrag (Titelsatznr. 27934)

[ MARC ]
MARC-Details
000 -Satzkennung
Kontrollfeld mit fester Länge 00700nam a22001811cc4500
001 - Kontrollnummer
Kontrollfeld 029611326+3
035 ## - Systemkontrollnummer
System-Kontrollnummer 029611326
008 - Feld mit fester Länge zur physischen Beschreibung - Allgemeine Angaben
Kontrollfeld mit fester Länge 170707m19801982gw |||| 000u ger d
040 ## - Katalogisierungsquelle
Übertragungsstelle RU-10907106
003 - Kontrollnummer Identifier
Kontrollfeld RU-10907106
245 00 - Titel
Titel 25 Jahre Staatsvertrag
Zählung des Teils/der Abteilung eines Werkes 3
Titel eines Teils/einer Abteilung eines Werkes Protokolle d. wissenschaftlichen Symposium 16. u. 17. Mai 1980
264 ## - Produktion, Veröffentlichung, Distribution, Herstellung und Urheberrechtsvermerk
Herstellungs-, Veröffentlichungs- Vertriebs-, Erzeugungsort Wien :
Produzent, Herausgeber, Distributor, Hersteller Österreichischer Bundesverl.,
Datum der Herstellung, der Veröffentlichung, des Vertriebs oder des Urheberschutzvermerks 1980 - 1982
246 12 - Titelvarianten
Hauptsachtitel/Kurztitel 25 Jahre Staatsvertrag. Protokolle d. wissenschaftlichen Symposium 16. u. 17. Mai 1980
Zählung des Teils/der Abteilung eines Werkes 3
300 ## - Physische Beschreibung
Umfang 175 S.
773 08 - Übergeordnete Einheit
Datensatzkontrollnummer 029611326
Zählung und erste Seite 3
710 2# - Nebeneintragung - Körperschaftsname
Körperschafts- oder Gebietskörperschaftsname als Eintragungselement Bundesministerium fuer Wissenschaft u. Forschung Gemeinsam mit d. Institut fuer Zeitgeschichte d. Universitaet Wien
Koha-Normdatenidentnummer 16954
942 ## - Zusätzliche Felder (Koha)
Koha-Medientyp Monographien
Exemplare
Ausgeschieden Verloren Klassifikation oder Aufstellungssystematik Beschädigt Nicht entleihbar Heimatbibliothek Aufenthaltsbibliothek Aufstellungsort Erwerbungsdatum Inventarnummer Signatur Barcode Letzte Aktivität Preis gültig von Koha-Medientyp
    Andere/Generische Klassifikation     MWN Osteuropa MWN Osteuropa Lesesaal - 1 07/07/2017 07-01200 X- W 64 E c Por 1 (3) | W 64 E c Por 1 (3) E004015079098254 14/09/2020 22/03/2021 Monographien